000 00832cab a2200229 4500
001 WB3101-01
008 090401t1995 xxu||||| |||| 00| 0 eng d
035 _a(Sirsi) u61317
041 _aeng
245 _aHighways Agency reshaped
260 _c1995
350 _a0
490 _aTimes
_v30 December 1994, 7
490 _aFinancial Times
_v2 January 1995, 6(2)
520 _aInterview with Laurie Haynes, Chief Executive of the Highways Agency whose mandate includes streamlining the agency`s regional offices. Reductions in the roadbuilding programme will have drastic consequences for the civil engineering sector of the construction industry.
650 _aHIGHWAYS AGENCY
650 _aHIGHWAYS MANAGEMENT
650 _aROADBUILDING PROGRAMME
690 _aBUILT ENVIRONMENT
942 _n0
948 _c04/03/1997
999 _c37961
_d37961